Monitoring and evaluating social programs in developing countries : (Record no. 219)

MARC details
000 -LEADER
fixed length control field 01428cam a2200253 a 4500
001 - CONTROL NUMBER
control field 4907094
005 - DATE AND TIME OF LATEST TRANSACTION
control field 20210414113854.0
008 - FIXED-LENGTH DATA ELEMENTS--GENERAL INFORMATION
fixed length control field 940712s1994 dcua b i001 0 eng
020 ## - INTERNATIONAL STANDARD BOOK NUMBER
International Standard Book Number 0821329898
040 ## - CATALOGING SOURCE
Original cataloging agency DLC
Transcribing agency DLC
Modifying agency DLC
050 00 - LIBRARY OF CONGRESS CALL NUMBER
Classification number H62.5.D44 V35
100 1# - MAIN ENTRY--PERSONAL NAME
Personal name Valadez, Joseph J.
245 10 - TITLE STATEMENT
Title Monitoring and evaluating social programs in developing countries :
Remainder of title a handbook for policymakers, managers, and researchers /
Statement of responsibility, etc. Joseph Valadez, Michael Bamberger.
260 ## - PUBLICATION, DISTRIBUTION, ETC.
Place of publication, distribution, etc. Washington, D.C. :
Name of publisher, distributor, etc. World Bank,
Date of publication, distribution, etc. 1994.
300 ## - PHYSICAL DESCRIPTION
Extent xxviii, 519 p. :
Other physical details ill. ;
Dimensions 24 cm.
440 #0 - SERIES STATEMENT/ADDED ENTRY--TITLE
Title EDI development studies
504 ## - BIBLIOGRAPHY, ETC. NOTE
Bibliography, etc. note Includes bibliographical references and index.
505 ## - FORMATTED CONTENTS NOTE
Formatted contents note Contents: Monitoring and evaluating social programs: A Guide for policymakers, planners, and managers -- Design and implementation of monitoring and evaluation: A Guide for practitioners -- Data collection for monitoring and evaluation: A Guide for practitioners -- Organizational and management issues in program evaluation: A Guide for policymakers, planners, and managers -- Teaching monitoring and evaluation: A Guide for training institution.
650 00 - SUBJECT ADDED ENTRY--TOPICAL TERM
Topical term or geographic name entry element Economic development projects
Geographic subdivision Developing countries
General subdivision Evaluation.
700 1# - ADDED ENTRY--PERSONAL NAME
Personal name Bamberger, Michael.
906 ## - LOCAL DATA ELEMENT F, LDF (RLIN)
a 7
b cbc
c orignew
d 1
e ocip
f 19
g y-gencatlg
942 ## - ADDED ENTRY ELEMENTS (KOHA)
Source of classification or shelving scheme Library of Congress Classification
Koha item type Books
Holdings
Withdrawn status Lost status Source of classification or shelving scheme Damaged status Not for loan Home library Current library Shelving location Date acquired Total Checkouts Full call number Barcode Date last seen Price effective from Koha item type
    Library of Congress Classification     WISCONSIN INTERNATIONAL UNIVERSITY COLLEGE, GHANA - MAIN LIBRARY WISCONSIN INTERNATIONAL UNIVERSITY COLLEGE, GHANA - MAIN LIBRARY General Stacks 01/11/2011   H62.5.D44 V35 549/11 01/11/2011 01/11/2011 Books

If you have any concerns or questions; kindly contact the library


© Powered by WIUC ICT DIRECTORATE